000 00421nam a2200181Ia 4500
005 20250603144741.0
008 250603s9999 xx 000 0 und d
020 _a978-978-54006-6-3
050 _aKP 90 .E5/
100 _aEja.eni Alobo.
245 0 _aCriminal Law and sexual offences in Nigeria.
260 _aLagos
260 _bPrincton
260 _c2016
300 _a553 p
650 _aLagos
942 _cBK
999 _c39840
_d39840